Confessional mobility and English Catholics in counter-reformation Europe

Bibliographic Details
Main Author: Corens, Liesbeth (Author)
Format: Book
Language:English
PhysicalDescription:xii, 240 strán čiernobiele ilustrácie, mapy 24 cm
Published: Oxford Oxford University Press 2019
ISBN:9780198812432
Subjects:

MARC

LEADER 00000nam a2200000 4500
001 vtls012275755
003 SK-MaSNL
005 20260302030009.0
008 250428s2019 xxkab e n 001 0 eng
020 |a 9780198812432  |q ( viazané) 
040 |a SNK  |b slo  |c SNK  |e rda 
041 0 |a eng 
044 |a xxk  |c GB 
072 7 |2 konspekt 
080 |2 2011 
100 1 |a Corens, Liesbeth  |4 aut  |9 676114 
245 1 0 |a Confessional mobility and English Catholics in counter-reformation Europe  |c Liesbeth Corens 
264 1 |a Oxford  |b Oxford University Press  |c 2019 
300 |a xii, 240 strán  |b čiernobiele ilustrácie, mapy  |c 24 cm 
336 |a text  |b txt  |2 rdacontent 
337 |a bez média  |b n  |2 rdamedia 
338 |a zväzok  |b nc  |2 rdacarrier 
500 |a Obsahuje zoznam obrázkov, zoznam skratiek a poznámky 
500 |a Obsahuje profesijné údaje o autorke na záložke prebalu 
504 |a Obsahuje bibliografiu, bibliografické odkazy pod čiarou a register 
655 7 |a zborníky  |2 SNKPH  |9 70165 
655 7 |a Papers by one author  |2 SNKPHeng  |9 155030 
852 |a Slovenská národná knižnica 
919 |a 978-0-19-881243-2 
958 |a NB 
958 |a NT 
999 |c 1045939  |d 1047869 
952 |a SNK  |b SNK  |y VYP  |7 0  |p 17A1574873  |o snkIC 147918  |i snk2025/9127  |8 2  |g 96.00  |0 0  |1 0  |4 0  |d 2025-04-28  |l 0  |r 2026-02-24 14:38:54  |w 2026-02-24